[Event "33rd Leon Blitz Open 2020"]
[Site "chess.com INT"]
[Date "2020.07.14"]
[Round "7"]
[White "Erigaisi, Arjun"]
[Black "Smirnov, Anton"]
[Result "1-0"]
[WhiteTitle "GM"]
[BlackTitle "GM"]
[WhiteElo "2559"]
[BlackElo "2597"]
[WhiteFideId "35009192"]
[BlackFideId "3208923"]
[EventDate "2020.07.14"]
[EventType "blitz"]

1. e4 e6 2. d3 d5 3. Qe2 Nf6 4. g3 dxe4 5. dxe4 e5 6. Bg2 Nc6 7. Nf3 Nd4 8. Nxd4
Qxd4 9. c3 Qb6 10. O-O Bg4 11. Qc2 O-O-O 12. a4 a6 13. h3 Be6 14. Nd2 Qc6 15.
Re1 Nd7 16. Nf3 f6 17. Be3 Bc5 18. a5 Bxe3 19. Rxe3 g5 20. b4 h5 21. c4 Qxc4 22.
Rc3 Qxb4 23. Rxc7+ Kb8 24. Rxb7+ Qxb7 25. Rb1 Rc8 26. Rxb7+ Kxb7 27. Qb2+ Ka8
28. Nd4 Bc4 29. Nf5 Nc5 30. Nd6 Bb5 31. Nxc8 Rxc8 32. Qa2 h4 33. gxh4 gxh4 34.
Qf7 Nd3 35. Qxf6 Rg8 36. Kh2 Nf4 37. Bf3 Nd3 38. Qxh4 Ne1 39. Bh1 Be2 40. Qf6
Bf1 41. Qxe5 Bg2 42. Qd5+ Ka7 43. Qxg8 1-0

[Event "33rd Leon Blitz Open 2020"]
[Site "chess.com INT"]
[Date "2020.07.14"]
[Round "7"]
[White "Schwabeneder, Florian"]
[Black "Vaibhav, Suri"]
[Result "0-1"]
[WhiteTitle "IM"]
[BlackTitle "GM"]
[WhiteElo "2431"]
[BlackElo "2600"]
[WhiteFideId "1626191"]
[BlackFideId "5045185"]
[EventDate "2020.07.14"]
[EventType "blitz"]

1. e4 c6 2. Nf3 d5 3. d3 g6 4. e5 Bg7 5. d4 f6 6. c4 Bg4 7. Be2 Bxf3 8. Bxf3
fxe5 9. cxd5 cxd5 10. dxe5 e6 11. O-O Nc6 12. Bg4 Qd7 13. f4 Nge7 14. Nc3 O-O
15. Be3 Rfd8 16. Bc5 Nf5 17. Bxf5 exf5 18. Bd4 Rac8 19. Kh1 a6 20. Qd2 b5 21.
Rad1 Qe6 22. Ne2 Bh6 23. Rc1 Kf7 24. g3 Nxe5 25. Qe3 Nc4 26. Qf2 Re8 27. Ng1 Bg7
28. Nf3 Kg8 29. Rce1 Qf7 30. b3 Nd6 31. Bxg7 Kxg7 32. Ne5 Qb7 33. Qd4 Kg8 34.
Rc1 Ne4 35. Kg1 b4 36. Rfd1 Nc3 37. Re1 Ne2+ 38. Rxe2 Rxc1+ 39. Kg2 Rec8 40. Qd3
d4+ 41. Kh3 Qd5 42. Nf3 R1c3 43. Qxd4 Qxf3 44. Re7 Qh5+ 45. Kg2 Rc2+ 46. Kf1
Qf3+ 0-1

[Event "33rd Leon Blitz Open 2020"]
[Site "chess.com INT"]
[Date "2020.07.14"]
[Round "7"]
[White "Vinter-Schou, Uffe"]
[Black "Gurevich, Dmitry"]
[Result "1/2-1/2"]
[WhiteTitle "IM"]
[BlackTitle "GM"]
[WhiteElo "2349"]
[BlackElo "2399"]
[WhiteFideId "1400568"]
[BlackFideId "2000407"]
[EventDate "2020.07.14"]
[EventType "blitz"]

1. e4 c5 2. Nf3 d6 3. Bb5+ Bd7 4. a4 Nc6 5. O-O Nf6 6. d3 g6 7. Re1 Bg7 8. Nbd2
O-O 9. Nc4 Qc7 10. Bxc6 Bxc6 11. e5 Nd5 12. Bd2 Rad8 13. Qe2 b6 14. h3 Qb7 15.
Nh2 Nc7 16. exd6 exd6 17. Qf1 Ne6 18. Bc3 Nd4 19. Bxd4 Bxd4 20. c3 Bg7 21. Ng4
h5 22. Nge3 d5 23. Nd2 d4 24. cxd4 Bxd4 25. Ndc4 Qc7 26. Nc2 Bg7 27. Re3 a6 28.
Qe1 Rfe8 29. Qe2 b5 30. axb5 axb5 31. Na5 Bxb2 32. Nxc6 Qxc6 33. Nb4 cxb4 34.
Rxe8+ Qxe8 35. Qxb2 Rxd3 36. Qxb4 Rd5 37. Re1 Re5 38. Rd1 Kh7 39. Rc1 Qe6 40.
Kf1 Qd5 41. Qc3 Re4 42. Rb1 Qc4+ 43. Qxc4 bxc4 44. Rb7 Kg7 45. Rc7 Kf6 46. f3
Rd4 47. Ke2 h4 48. Ke3 Rd3+ 49. Ke2 Rc3 50. Kd2 Rd3+ 51. Ke2 Rd4 52. Ke3 Rd3+
53. Ke2 1/2-1/2

[Event "33rd Leon Blitz Open 2020"]
[Site "chess.com INT"]
[Date "2020.07.14"]
[Round "7"]
[White "Amin, Bassem"]
[Black "Onischuk, Vladimir"]
[Result "1/2-1/2"]
[WhiteTitle "GM"]
[BlackTitle "GM"]
[WhiteElo "2686"]
[BlackElo "2633"]
[WhiteFideId "10601457"]
[BlackFideId "14114038"]
[EventDate "2020.07.14"]
[EventType "blitz"]

1. e4 d6 2. d4 Nf6 3. Nc3 g6 4. Bg5 Bg7 5. Qd2 h6 6. Bf4 Nc6 7. d5 Ne5 8. Bxe5
dxe5 9. Nf3 O-O 10. O-O-O Ne8 11. h4 Nd6 12. h5 g5 13. Be2 c6 14. dxc6 bxc6 15.
Nxg5 hxg5 16. Qxg5 Kh7 17. h6 Bf6 18. Qh5 Qb6 19. Bg4 Rb8 20. Rxd6 exd6 21. Bxc8
Qxf2 22. Bf5+ Kh8 23. Nd1 Qf4+ 24. Kb1 Bg5 25. Nc3 Qe3 26. b3 Be7 27. Nd1 Qg5
28. Qxg5 Bxg5 29. h7 d5 30. Nf2 f6 31. g4 Rb4 32. Nd3 Rxe4 33. Bxe4 dxe4 34. Nc5
e3 35. Ne6 Rf7 36. Kc1 Bf4 37. Kd1 Rxh7 38. Rxh7+ Kxh7 39. Ke2 Kg6 40. b4 Bh6
41. Nd8 Kg5 42. Nf7+ Kg6 43. Nd8 Kg5 44. Nf7+ Kg6 45. Nxh6 Kxh6 46. Kxe3 Kg5 47.
Kf3 e4+ 48. Kg3 f5 49. gxf5 Kxf5 50. Kf2 Kf4 51. c4 e3+ 52. Ke2 Ke4 53. b5 cxb5
54. cxb5 Kd4 55. a4 Kc5 56. Kxe3 a6 57. bxa6 Kb6 58. a7 Kxa7 59. a5 Ka6 60. Kd3
Kxa5 1/2-1/2

[Event "33rd Leon Blitz Open 2020"]
[Site "chess.com INT"]
[Date "2020.07.14"]
[Round "7"]
[White "Bjerre, Jonas Buhl"]
[Black "Bodnaruk, Anastasia"]
[Result "1-0"]
[WhiteTitle "GM"]
[BlackTitle "IM"]
[WhiteElo "2549"]
[BlackElo "2411"]
[WhiteFideId "1444948"]
[BlackFideId "4181751"]
[EventDate "2020.07.14"]
[EventType "blitz"]

1. d4 Nf6 2. c4 g6 3. Nc3 Bg7 4. e4 d6 5. Nf3 O-O 6. Be2 e5 7. O-O Nc6 8. dxe5
dxe5 9. Bg5 Qxd1 10. Rfxd1 Bg4 11. h3 Bxf3 12. Bxf3 Nd4 13. Nd5 Nxd5 14. cxd5 c6
15. dxc6 bxc6 16. Rdc1 Rab8 17. b3 f5 18. Kf1 Rf7 19. Be3 Nxf3 20. gxf3 fxe4 21.
fxe4 Rb4 22. Rxc6 Rxe4 23. Rc8+ Bf8 24. Kg2 Kg7 25. Rac1 Rb4 26. R1c7 Rb7 27.
Rxb7 Rxb7 28. Ra8 e4 29. Rxa7 Rxa7 30. Bxa7 Ba3 31. Kf1 Kf6 32. Ke2 Ke5 33. Be3
Kd5 34. Kd2 Bb4+ 35. Kc2 h5 36. a4 Be7 37. Kc3 g5 38. b4 h4 39. b5 g4 40. a5 Bd6
41. a6 Bb8 42. a7 Bxa7 43. Bxa7 gxh3 44. Bb8 Kc5 45. Kd2 Kxb5 46. Ke3 1-0

[Event "33rd Leon Blitz Open 2020"]
[Site "chess.com INT"]
[Date "2020.07.14"]
[Round "7"]
[White "Firouzja, Alireza"]
[Black "Bluebaum, Matthias"]
[Result "1/2-1/2"]
[WhiteTitle "GM"]
[BlackTitle "GM"]
[WhiteElo "2728"]
[BlackElo "2647"]
[WhiteFideId "12573981"]
[BlackFideId "24651516"]
[EventDate "2020.07.14"]
[EventType "blitz"]

1. e4 e6 2. d4 d5 3. Nc3 Nf6 4. e5 Nfd7 5. f4 c5 6. Nf3 Nc6 7. Be3 a6 8. Qd2 b5
9. Bd3 Qb6 10. Qf2 cxd4 11. Nxd4 Bc5 12. Nce2 b4 13. O-O a5 14. Rad1 Ba6 15.
Bxa6 Rxa6 16. Kh1 O-O 17. Qg3 Nxd4 18. Nxd4 f5 19. Qh3 Bxd4 20. Bxd4 Qc6 21. c3
bxc3 22. bxc3 Nc5 23. g4 Rb6 24. gxf5 Rxf5 25. Rg1 Rb7 26. Rg4 Ne4 27. Rdg1 Qe8
28. Qh6 g5 29. fxg5 Qg6 30. h4 Rf3 31. Kh2 Rb2+ 32. R1g2 Rxg2+ 33. Rxg2 Rf4 34.
Qxg6+ hxg6 35. Kh3 Rf3+ 36. Kg4 Rd3 37. Rb2 Nxc3 38. Rb8+ Kg7 39. Rb7+ Kg8 40.
Rb8+ Kf7 41. Bc5 Ne4 42. Rb7+ Kg8 43. Rb8+ Kf7 44. Rb7+ Kg8 45. Be7 Nf2+ 46. Kf4
Nh3+ 47. Kg4 Nf2+ 48. Kf4 Nh3+ 49. Kg4 Nf2+ 1/2-1/2

[Event "33rd Leon Blitz Open 2020"]
[Site "chess.com INT"]
[Date "2020.07.14"]
[Round "7"]
[White "Idrisov, Ildar F"]
[Black "Herrera Reyes, Jose Antonio"]
[Result "1-0"]
[WhiteTitle "FM"]
[BlackTitle "FM"]
[WhiteElo "2282"]
[BlackElo "2304"]
[WhiteFideId "4151020"]
[BlackFideId "2274914"]
[EventDate "2020.07.14"]
[EventType "blitz"]

1. Nf3 Nf6 2. b3 g6 3. Bb2 Bg7 4. c4 O-O 5. g3 d5 6. cxd5 Qxd5 7. Bg2 Nc6 8. O-O
Bg4 9. Nd4 Qd7 10. Nxc6 bxc6 11. d3 Bh3 12. Nd2 Bxg2 13. Kxg2 Qd5+ 14. Kg1 Qh5
15. Bxf6 Bxf6 16. Rc1 Qa5 17. Qc2 Rfd8 18. Ne4 Bg7 19. a4 Rab8 20. Rb1 Rb6 21.
Rfc1 Rdb8 22. Nc5 Rd8 23. e3 h5 24. d4 e5 25. dxe5 Bxe5 26. Qc4 Rb4 27. Qa6 Qb6
28. a5 Qb5 29. Qxb5 Rxb5 30. b4 Bd6 31. Na6 h4 32. Rxc6 h3 33. Kf1 Be5 34. Nxc7
Bxc7 35. Rxc7 Rd2 36. Rc4 g5 37. g4 Kg7 38. Ke1 Ra2 39. Rbc1 Rd5 40. Rd4 Rb5 41.
Rc5 Rxc5 42. bxc5 Rxa5 43. Rc4 Ra1+ 44. Kd2 Rh1 45. c6 Rxh2 46. Rc1 Rxf2+ 47.
Kd3 h2 48. c7 Rg2 49. Rh1 Rg1 50. Rxh2 Rd1+ 51. Rd2 1-0

[Event "33rd Leon Blitz Open 2020"]
[Site "chess.com INT"]
[Date "2020.07.14"]
[Round "7"]
[White "Murzin, Volodar"]
[Black "Santos Latasa, Jaime"]
[Result "0-1"]
[WhiteTitle "IM"]
[BlackTitle "GM"]
[WhiteElo "2465"]
[BlackElo "2575"]
[WhiteFideId "44155573"]
[BlackFideId "2293307"]
[EventDate "2020.07.14"]
[EventType "blitz"]

1. e4 e5 2. Nf3 Nc6 3. Bb5 a6 4. Ba4 Nf6 5. O-O Be7 6. d3 b5 7. Bb3 d6 8. a3 O-O
9. Nc3 Be6 10. Bxe6 fxe6 11. Ne2 d5 12. Ng3 Qd6 13. c3 a5 14. Qc2 a4 15. Re1 Nd7
16. Be3 d4 17. Bd2 Nc5 18. cxd4 exd4 19. Rac1 Rxf3 20. gxf3 Ne5 21. Bb4 Nexd3
22. Bxc5 Nxc5 23. e5 Qd5 24. Ne4 d3 25. Qc3 Rd8 26. Nxc5 d2 27. Ne4 dxe1=Q+ 28.
Rxe1 c5 29. Kg2 Qc6 30. Re2 Rd4 31. Rc2 Qd5 32. Re2 Rd3 33. Qa5 c4 34. Qc7 Bd8
35. Qc8 Qxe5 36. Ng3 Qd5 37. Re4 Qd7 38. Qa6 Rd6 39. Qa8 h6 40. Rg4 Rd5 41. Ne4
Kh7 42. Rf4 Rf5 43. Rxf5 exf5 44. Ng3 Bf6 45. Nh5 Bxb2 46. Qa5 Bxa3 47. Qc3 Bf8
48. Qe5 Qf7 49. Nf4 a3 50. Ne6 a2 51. Qd5 Kh8 52. Qa8 Qxe6 53. Qxf8+ Kh7 54. Qa8
c3 55. Qa3 b4 56. Qb2 cxb2 0-1

[Event "33rd Leon Blitz Open 2020"]
[Site "chess.com INT"]
[Date "2020.07.14"]
[Round "7"]
[White "Lauridsen, Jesper Morch"]
[Black "Tronenkovs, Valdis"]
[Result "0-1"]
[WhiteTitle "FM"]
[BlackTitle "FM"]
[WhiteElo "2225"]
[BlackElo "2265"]
[WhiteFideId "1401890"]
[BlackFideId "11601558"]
[EventDate "2020.07.14"]
[EventType "blitz"]

1. e4 c5 2. Nf3 Nc6 3. d4 cxd4 4. Nxd4 g6 5. c4 Nf6 6. Nc3 d6 7. Nc2 Bg7 8. Be2
O-O 9. O-O Nd7 10. Be3 Nc5 11. Qd2 Bxc3 12. Qxc3 Nxe4 13. Qe1 f5 14. Bh6 Re8 15.
Bf3 Nf6 16. Rd1 Ne5 17. Bd5+ e6 18. Bf3 Nxf3+ 19. gxf3 Qc7 20. Bg5 Kf7 21. Qc3
e5 22. Bxf6 Kxf6 23. f4 Be6 24. Rfe1 Qxc4 25. fxe5+ dxe5 26. Qxe5+ Kf7 27. Ne3
Qxa2 28. Rc1 Rac8 29. Rxc8 Rxc8 30. Ng2 Qd5 31. Qe3 Rc6 32. Qh6 Kg8 33. Nf4 Qd7
34. h4 Rd6 35. Nxg6 hxg6 36. Qxg6+ Qg7 37. Qxg7+ Kxg7 38. Kg2 Kf6 39. Kg3 Rd3+
40. Kf4 Rd4+ 41. Kg3 Rg4+ 42. Kh3 Bd5 43. h5 Bg2+ 44. Kh2 Bf3 45. h6 Rg6 46. h7
Rh6+ 47. Kg3 Bc6 48. f4 Rxh7 49. Ra1 a6 50. b4 Rd7 0-1

[Event "33rd Leon Blitz Open 2020"]
[Site "chess.com INT"]
[Date "2020.07.14"]
[Round "7"]
[White "Fajdetic, Hrvoje"]
[Black "Valdes Escobar, Alvaro"]
[Result "0-1"]
[WhiteTitle "CM"]
[BlackTitle "IM"]
[WhiteElo "2151"]
[BlackElo "2355"]
[WhiteFideId "14501945"]
[BlackFideId "3405451"]
[EventDate "2020.07.14"]
[EventType "blitz"]

1. d4 Nf6 2. Bf4 g6 3. Nc3 d5 4. e3 c6 5. Qd2 Bg7 6. O-O-O O-O 7. f3 b5 8. a3 a5
9. g4 Nbd7 10. h4 h5 11. e4 dxe4 12. Nxe4 Nxe4 13. fxe4 Nf6 14. gxh5 Nxh5 15.
Bh6 Bg4 16. Be2 Qd7 17. Bxg7 Kxg7 18. Qg5 Bxe2 19. Nxe2 Qe6 20. Rhg1 Rh8 21. Nf4
Nxf4 22. Qxf4 Rh5 23. Rg5 Rxg5 24. hxg5 Rh8 25. d5 cxd5 26. exd5 Qd6 27. Qd4+
Kg8 28. Qc3 Rh5 29. Qxa5 Rxg5 30. Qxb5 Rg2 31. Qe8+ Kg7 32. Rh1 Rh2 33. Rxh2
Qxh2 34. Qxe7 Qh1+ 35. Kd2 Qxd5+ 36. Kc3 g5 37. b4 g4 38. Qe3 f5 39. Qd4+ Qxd4+
40. Kxd4 g3 41. Ke3 Kg6 42. a4 Kg5 43. a5 Kg4 44. a6 f4+ 45. Kd3 g2 46. a7 g1=Q
47. a8=Q Qf1+ 48. Kc3 Qe1+ 49. Kb3 Qe3+ 50. c3 f3 51. Qg8+ Kh3 52. Qh7+ Kg2 53.
Qg6+ Kf1 54. Qb1+ Qe1 55. Qd3+ Qe2 56. Qb1+ Kf2 57. c4 Ke3 58. c5 f2 59. Qc1+
Qd2 60. Qf1 Qd3+ 61. Qxd3+ Kxd3 62. c6 f1=Q 63. b5 Qb1+ 64. Ka4 Kc4 65. c7 Qa2# 0-1

[Event "33rd Leon Blitz Open 2020"]
[Site "chess.com INT"]
[Date "2020.07.14"]
[Round "7"]
[White "Hovhannisyan, Robert"]
[Black "Adhiban, Baskaran"]
[Result "1-0"]
[WhiteTitle "GM"]
[BlackTitle "GM"]
[WhiteElo "2642"]
[BlackElo "2659"]
[WhiteFideId "13302507"]
[BlackFideId "5018471"]
[EventDate "2020.07.14"]
[EventType "blitz"]

1. e4 g6 2. d4 Bg7 3. Nc3 d6 4. Be3 a6 5. h4 h6 6. f3 Nd7 7. Qd2 b5 8. Nh3 Ngf6
9. g4 Bb7 10. g5 hxg5 11. Nxg5 c5 12. a4 b4 13. Bc4 e6 14. Ne2 d5 15. exd5 Nxd5
16. O-O-O N7b6 17. Bxd5 Qxd5 18. b3 c4 19. Qxb4 cxb3 20. Qxb6 bxc2 21. Rd3 Rc8
22. Rc3 O-O 23. Kxc2 Rxc3+ 24. Nxc3 Rc8 25. Rb1 Qf5+ 26. Kd2 Bd5 27. Qxa6 Rd8
28. Qd3 Qf6 29. Nxd5 exd5 30. a5 Bf8 31. a6 Ra8 32. Ra1 Bb4+ 33. Ke2 Qd6 34. Qb5
Qh2+ 35. Bf2 Bc3 36. Rf1 Bxd4 37. Qxd5 Re8+ 38. Ne4 Bb6 39. Qc6 Re6 40. Qc8+ Kh7
41. Qc3 Qf4 42. Bxb6 Rxb6 43. Ra1 Qh2+ 44. Ke3 Re6 45. a7 Qxh4 46. a8=Q Qh6+ 47.
Kd3 1-0

[Event "33rd Leon Blitz Open 2020"]
[Site "chess.com INT"]
[Date "2020.07.14"]
[Round "7"]
[White "Niemann, Hans Moke"]
[Black "Srihari, L R"]
[Result "1-0"]
[WhiteTitle "IM"]
[BlackTitle "FM"]
[WhiteElo "2465"]
[BlackElo "2414"]
[WhiteFideId "2093596"]
[BlackFideId "46617116"]
[EventDate "2020.07.14"]
[EventType "blitz"]

1. d4 d5 2. Nc3 Nf6 3. Bf4 c6 4. e3 Bf5 5. f3 h6 6. g4 Bh7 7. h4 e6 8. Bd3 Bxd3
9. Qxd3 Bd6 10. Nge2 Qe7 11. O-O-O Nbd7 12. Bxd6 Qxd6 13. e4 dxe4 14. fxe4 Nxg4
15. e5 Qe7 16. Ne4 O-O-O 17. Qf3 f5 18. Nd6+ Kb8 19. Nf4 Nf8 20. Rd3 Rxd6 21.
exd6 Qxd6 22. Re1 g5 23. Nh3 gxh4 24. Qf4 Kc7 25. Qxd6+ Kxd6 26. Nf4 Rg8 27. Rh3
Kd7 28. Rxh4 Ng6 29. Nxg6 Rxg6 30. Rg1 Ke7 31. Kd2 Kf7 32. c4 Rg8 33. b4 Kg6 34.
a4 Kg5 35. Rgh1 Rh8 36. Rh5+ Kg6 37. Ke2 Nf6 38. R5h4 h5 39. b5 Kg5 40. R4h3 h4
41. Rd3 Nh5 42. Rg1+ Kf6 43. Kf3 Rd8 44. Rgd1 Rg8 45. bxc6 bxc6 46. a5 Rg4 47.
Kf2 Nf4 48. Rf3 Kg5 49. Rb1 h3 50. Rg1 Rxg1 51. Kxg1 Kg4 52. Re3 Kh4 53. Kh2 Kg4
54. a6 Kh4 55. Rb3 Kg4 56. Rb7 Nh5 57. Rxa7 f4 58. Rf7 f3 59. a7 Nf4 60. a8=Q f2
61. Qg8+ Kf3 62. Qg3+ 1-0

[Event "33rd Leon Blitz Open 2020"]
[Site "chess.com INT"]
[Date "2020.07.14"]
[Round "7"]
[White "Buksa, Nataliya"]
[Black "Ortega Amarelle, Mariano"]
[Result "0-1"]
[WhiteTitle "IM"]
[BlackTitle "IM"]
[WhiteElo "2410"]
[BlackElo "2458"]
[WhiteFideId "14123622"]
[BlackFideId "3504301"]
[EventDate "2020.07.14"]
[EventType "blitz"]

1. d4 Nf6 2. Nc3 d5 3. Bf4 a6 4. e3 Nbd7 5. Nf3 c5 6. Be2 e6 7. O-O b5 8. dxc5
Bxc5 9. a4 b4 10. Nb1 O-O 11. Nbd2 Bb7 12. Nb3 Be7 13. a5 Ne4 14. c4 bxc3 15.
bxc3 Nxc3 16. Qd3 Nxe2+ 17. Qxe2 Nc5 18. Nxc5 Bxc5 19. Rfc1 Qe7 20. Rab1 Rfc8
21. Qb2 Bc6 22. h3 f6 23. Qc3 Bd7 24. Bg3 Ba3 25. Qd2 Bxc1 26. Rxc1 Rxc1+ 27.
Qxc1 Rc8 28. Qd2 Qc5 29. Kh2 e5 30. Qb2 Bb5 31. Qb3 Qc4 32. Qa3 Qc5 33. Qb3 Rc6
34. e4 Qc4 35. Qa3 Qxe4 36. Qe7 h6 37. Nh4 d4 38. Qd7 Rc1 39. Qe6+ Kh7 40. Nf5
Bd3 41. Ne7 Bc4 42. Qd7 d3 43. Qe8 d2 44. f3 Qd3 45. Bh4 d1=Q 46. Bxf6 Qh1+ 47.
Kg3 Qe1+ 48. Kh2 Qh1+ 49. Kg3 Qxg2+ 50. Kxg2 Qd2+ 51. Kg3 Rg1+ 52. Kh4 Qf4+ 53.
Kh5 Qxf3+ 54. Kh4 Qg3+ 55. Kh5 Qxh3+ 56. Bh4 Qg4# 0-1

[Event "33rd Leon Blitz Open 2020"]
[Site "chess.com INT"]
[Date "2020.07.14"]
[Round "7"]
[White "Piesik, Piotr"]
[Black "De Abreu, Roberto N"]
[Result "1/2-1/2"]
[WhiteTitle "IM"]
[BlackTitle "FM"]
[WhiteElo "2418"]
[BlackElo "2184"]
[WhiteFideId "1136194"]
[BlackFideId "14307472"]
[EventDate "2020.07.14"]
[EventType "blitz"]

1. Nf3 Nf6 2. g3 d5 3. Bg2 c5 4. O-O Nc6 5. d3 e5 6. Nbd2 Be7 7. e4 d4 8. Nc4
Nd7 9. a4 O-O 10. a5 Rb8 11. Ne1 b5 12. axb6 axb6 13. f4 b5 14. Nxe5 Ndxe5 15.
fxe5 Nxe5 16. Bf4 Bd6 17. Nf3 Qe7 18. Qd2 Re8 19. Nxe5 Bxe5 20. Bxe5 Qxe5 21.
Ra7 f6 22. Qa5 Bg4 23. Qa2+ Be6 24. Qa6 h5 25. Rb7 Rxb7 26. Qxb7 Rb8 27. Qe7 Kh7
28. Ra1 h4 29. gxh4 Bg4 30. Qxe5 fxe5 31. Ra7 Bd1 32. Rc7 c4 33. dxc4 bxc4 34.
Rxc4 Rxb2 35. Rc5 Bxc2 36. Rxe5 Bb3 37. Bf1 Kh6 38. Rb5 Rb1 39. Kg2 Bc2 40. Rxb1
Bxe4+ 41. Kg3 Bxb1 42. Kf4 Kh5 43. Kg3 Kg6 44. Kf4 Kf6 45. Bg2 d3 46. Ke3 Kf5
47. Bh3+ Ke5 48. Bf1 Kf5 49. Bh3+ Ke5 50. Bf1 g6 51. Bh3 Kd5 52. Bd7 Kc4 53. Kd2
Kd4 54. Be8 Ke5 55. Bxg6 Kf6 56. h5 Kg7 57. Ke3 Kh8 58. Bxd3 Kg8 59. Bxb1 Kh8
60. Kf4 Kg8 61. Kg5 Kh8 62. Kh6 Kg8 63. Ba2+ Kh8 64. h4 1/2-1/2

[Event "33rd Leon Blitz Open 2020"]
[Site "chess.com INT"]
[Date "2020.07.14"]
[Round "7"]
[White "Narayanan, S.L."]
[Black "Azarov, Sergei"]
[Result "0-1"]
[WhiteTitle "GM"]
[BlackTitle "GM"]
[WhiteElo "2618"]
[BlackElo "2604"]
[WhiteFideId "5058422"]
[BlackFideId "13501470"]
[EventDate "2020.07.14"]
[EventType "blitz"]

1. c4 Nf6 2. g3 e6 3. Nf3 d5 4. d4 Bb4+ 5. Nc3 O-O 6. Bg2 dxc4 7. O-O Nc6 8. Qa4
Bd7 9. Rd1 Nd5 10. Qc2 Bxc3 11. bxc3 f5 12. e4 fxe4 13. Ng5 Qf6 14. Bxe4 h6 15.
Bxd5 hxg5 16. Be4 Ne7 17. Ba3 Bc6 18. Bxc6 bxc6 19. Bxe7 Qxe7 20. Re1 Qf6 21.
Re2 Rad8 22. Rae1 c5 23. dxc5 Rd3 24. Re3 Qf5 25. Qe2 Qxc5 26. Rxe6 Rdf3 27. Re3
Rxf2 28. Qxf2 Rxf2 29. Kxf2 g4 30. Re2 Qf5+ 31. Kg1 a5 32. Re8+ Kh7 33. R8e5 Qf3
34. R5e3 Qd5 35. Re4 Qd3 36. R4e3 Qd1+ 37. Kg2 Qd5+ 38. Re4 Qd3 39. R4e3 Qd5+
40. Kf2 Qh1 41. Rd2 Qxh2+ 42. Ke1 Qg1+ 43. Ke2 Qg2+ 44. Kd1 Qf1+ 45. Kc2 Qa1 46.
Rh2+ Kg8 47. Re8+ Kf7 48. Rhe2 Qxa2+ 49. Kc1 Qa1+ 50. Kc2 Qa4+ 51. Kc1 Qxe8 52.
Rxe8 Kxe8 53. Kb2 Kd7 54. Ka3 Kc6 55. Ka4 Kb6 56. Ka3 Kb5 57. Kb2 Kc6 58. Ka3
Kd5 59. Ka4 Ke4 60. Kxa5 Kd3 61. Kb4 c5+ 0-1

[Event "33rd Leon Blitz Open 2020"]
[Site "chess.com INT"]
[Date "2020.07.14"]
[Round "7"]
[White "Sadovsky, Artem"]
[Black "Baches Garcia, Guillermo"]
[Result "1-0"]
[WhiteTitle "IM"]
[BlackTitle "IM"]
[WhiteElo "2421"]
[BlackElo "2329"]
[WhiteFideId "4155840"]
[BlackFideId "2209764"]
[EventDate "2020.07.14"]
[EventType "blitz"]

1. Nf3 d5 2. c4 dxc4 3. Qa4+ Nc6 4. Qxc4 e5 5. d3 g6 6. Bg5 Qd7 7. Nbd2 h6 8.
Be3 Bg7 9. Nb3 b6 10. g3 Nge7 11. h4 a5 12. Bh3 Qd5 13. Qxd5 Nxd5 14. Bg2 Nxe3
15. fxe3 Bb7 16. Rc1 Kd7 17. h5 g5 18. Bh3+ Ke7 19. Nbd2 Rhd8 20. e4 Ra7 21. Nc4
Ba8 22. Ne3 Nd4 23. Nxd4 exd4 24. Nf5+ Kf8 25. O-O c5 26. Rf2 Bc6 27. Rcf1 Be8
28. Nxg7 Kxg7 29. Rf6 b5 30. e5 c4 31. e6 c3 32. bxc3 dxc3 33. exf7 Rxf7 34.
Rg6+ Kf8 35. Rc1 Rc7 36. Rxh6 b4 37. Ra6 Rc5 38. h6 a4 39. Rf1+ Kg8 40. Be6+ Kh7
41. Ra7+ Kxh6 42. Rf6+ Bg6 43. Bf7 c2 44. Rxg6+ Kh5 45. Rc6+ Kg4 46. Rxc5 b3 47.
axb3 axb3 48. Bxb3 Kxg3 49. Rxc2 Ra8 50. Rxa8 1-0

[Event "33rd Leon Blitz Open 2020"]
[Site "chess.com INT"]
[Date "2020.07.14"]
[Round "7"]
[White "Skliarov, Viktor"]
[Black "Aitbayev, Aslan"]
[Result "1-0"]
[WhiteTitle "IM"]
[BlackTitle "IM"]
[WhiteElo "2376"]
[BlackElo "2457"]
[WhiteFideId "14106736"]
[BlackFideId "13704613"]
[EventDate "2020.07.14"]
[EventType "blitz"]

1. e4 d6 2. d4 Nf6 3. Nc3 g6 4. f3 a6 5. Be3 b5 6. Qd2 Nbd7 7. g4 Nb6 8. h4 h5
9. g5 Nfd7 10. a4 b4 11. Nd1 a5 12. Nf2 Bg7 13. Ngh3 e5 14. d5 O-O 15. Bb5 Ba6
16. Bxa6 Rxa6 17. Qd3 Ra8 18. O-O Qe7 19. c3 Nc5 20. Bxc5 dxc5 21. c4 f6 22. Kg2
fxg5 23. Nxg5 Rf4 24. Ne6 Rxh4 25. b3 Rf8 26. Rh1 Rxh1 27. Rxh1 Rf7 28. Qe3 Nd7
29. Nd3 Bf8 30. Nxc7 Kh7 31. Ne6 Bh6 32. Qf2 Qf6 33. Rh3 Bf8 34. Qg3 Bd6 35.
Ng5+ Kg7 36. Nxf7 Kxf7 37. Qh4 Qxh4 38. Rxh4 Nf6 39. f4 Nd7 40. f5 Nf6 41. fxg6+
Kxg6 42. Kf3 Kg5 43. Rh1 Ng4 44. Nf2 Nf6 45. Nh3+ Kh6 46. Rg1 Ng4 47. Rxg4 hxg4+
48. Kxg4 Kg6 49. Ng1 Bc7 50. Nf3 Bd6 51. Nh4+ Kf6 52. Kh5 Bc7 53. Ng2 Bd6 54.
Ne3 Bc7 55. Ng4+ Ke7 56. Kg6 Bb8 57. Kf5 1-0

[Event "33rd Leon Blitz Open 2020"]
[Site "chess.com INT"]
[Date "2020.07.14"]
[Round "7"]
[White "Vyatkin, Dmitry"]
[Black "Simonovic, Miroslav"]
[Result "1-0"]
[WhiteTitle "FM"]
[BlackTitle "CM"]
[WhiteElo "2362"]
[BlackElo "2129"]
[WhiteFideId "4171900"]
[BlackFideId "919152"]
[EventDate "2020.07.14"]
[EventType "blitz"]

1. d4 Nf6 2. c4 c5 3. d5 b5 4. cxb5 a6 5. bxa6 Bxa6 6. Nc3 d6 7. Nf3 Nbd7 8. g3
g6 9. Bg2 Bg7 10. O-O O-O 11. Qc2 Ra7 12. Rd1 Qa8 13. e4 Rb8 14. Rb1 Ng4 15. b3
Nge5 16. Nxe5 Nxe5 17. h3 c4 18. Be3 Rc7 19. b4 Nd3 20. b5 Bxc3 21. Qxc3 Rxb5
22. Rxb5 Bxb5 23. Rxd3 Qxa2 24. Rd1 Qb3 25. Rc1 Ba4 26. Bf1 Qxc3 27. Rxc3 Bb3
28. Bd4 f5 29. exf5 gxf5 30. Be2 Kf7 31. Kg2 e6 32. dxe6+ Kxe6 33. f4 d5 34. g4
Rc6 35. Kg3 Ra6 36. Bf3 Ra2 37. gxf5+ Kxf5 38. Bxd5 Rc2 39. Rxc2 Bxc2 40. Bxc4
Ke4 41. Be5 h5 42. Kh4 Bd1 43. Bf7 Kf5 44. Bxh5 Ba4 45. Bg4+ Kg6 46. f5+ Kf7 47.
Kg5 Bd7 48. Bh5+ Kf8 49. Bd6+ Kg8 50. f6 Be6 51. f7+ Bxf7 52. Bxf7+ Kxf7 53. h4
Kg8 54. h5 Kh7 55. h6 Kg8 56. Kg6 Kh8 57. Be5+ Kg8 58. Bf6 Kf8 59. h7 Ke8 60.
h8=Q+ Kd7 61. Qd8+ Ke6 62. Qe7+ Kd5 63. Kf5 Kc4 64. Qd6 Kb5 65. Bh4 Kc4 66. Ke4
Kc3 67. Qd5 Kb2 68. Qc4 Ka3 69. Qb5 Ka2 70. Kd3 1-0